|
|
|
|
| LEADER |
00000nam a22000007a 4500 |
| 005 |
20210909132025.0 |
| 007 |
cr|||| |||| |
| 008 |
210909s2021 br |||||s|||| 00||0 por d |
| 020 |
|
|
|a 978-65-88470-32-9
|
| 035 |
|
|
|a 35092
|
| 040 |
|
|
|a vLex
|
| 090 |
|
|
|c 12373
|d 12373
|
| 100 |
1 |
|
|a Fonseca Pires, Luis Manuel
|
| 245 |
1 |
0 |
|a Estados de exceȯ̂
|h [Recurso electrn̤ico] :
|b a usurpaȯ̂ da soberania popular /
|c Luis Manuel Fonseca Pires
|
| 256 |
|
|
|a Servicio en ln̕ea
|
| 260 |
|
|
|a San Pablo:
|b Editora ContraCorrente,
|c 2021
|
| 300 |
|
|
|a 1 recurso electrn̤ico
|
| 506 |
1 |
|
|a Disponible solo en los productos indicados
|d vLex Global
|d vLex Global (Academic Edition, excluding Law Schools)
|d vLex Global (U.S. Academic Edition, Law Schools)
|d vLex Global (U.S. Academic Edition, excluding Law Schools)
|d vLex Global (Academic Edition, Law Schools)
|
| 650 |
0 |
4 |
|a Derecho Constitucional
|z Brasil
|
| 650 |
0 |
4 |
|a Derecho Pb︢lico y Administrativo
|z Brasil
|
| 740 |
0 |
|
|a vLex Libros (Servicio en ln̕ea)
|
| 856 |
4 |
0 |
|u https://app.vlex.com/#/sources/35092
|z Acceso restringido
|
| 942 |
|
|
|c BOOK
|
| 999 |
0 |
|
|a Constitutional Law
|
| 999 |
0 |
|
|a Public and Administrative Law
|